Southville International School and Colleges
Your cart is empty.
  • Cart
  • Lists
    Public lists Eva Luna New books Lux_list list_1
    Your lists Log in to create your own lists
  • Log in to your account
  • Your cookies
  • Search history
Southville International School and Colleges
  • Advanced search
  • Recent comments
  • Most popular
  • Libraries

Log in to your account

Log in with GOOGLE


If you do not have an external account, but do have a local account, you can still log in:

  1. Home
  2. MARC view: Bright yellow flower /
Normal view MARC view ISBD view

Bright yellow flower / (Record no. 34189)

[ view plain ]
MARC details
000 -LEADER
fixed length control field 01154cam a22003617a 4500
001 - CONTROL NUMBER
control field 13384658
003 - CONTROL NUMBER IDENTIFIER
control field OSt
005 - DATE AND TIME OF LATEST TRANSACTION
control field 20140310184418.0
008 - FIXED-LENGTH DATA ELEMENTS--GENERAL INFORMATION
fixed length control field 031027s2003 nyua 000 0 eng d
010 ## - LIBRARY OF CONGRESS CONTROL NUMBER
LC control number 2003273649
020 ## - INTERNATIONAL STANDARD BOOK NUMBER
International Standard Book Number 0439441625
035 ## - SYSTEM CONTROL NUMBER
System control number (OCoLC)ocm52296481
040 ## - CATALOGING SOURCE
Original cataloging agency LVC
Transcribing agency LVC
Modifying agency DLC
041 1# - LANGUAGE CODE
Language code of original and/or intermediate translations of text eng
042 ## - AUTHENTICATION CODE
Authentication code lccopycat
050 00 - LIBRARY OF CONGRESS CALL NUMBER
Classification number SB 413.D12
Item number .C68 2003
100 1# - MAIN ENTRY--PERSONAL NAME
Personal name Corwin, Judith Hoffman.
9 (RLIN) 26540
245 10 - TITLE STATEMENT
Title Bright yellow flower /
Statement of responsibility, etc by Judith Hoffman Corwin.
260 ## - PUBLICATION, DISTRIBUTION, ETC. (IMPRINT)
Place of publication, distribution, etc New York :
Name of publisher, distributor, etc Scholastic,
Date of publication, distribution, etc 2003
300 ## - PHYSICAL DESCRIPTION
Extent 1 v. (unpaged) :
Other physical details col. ill. ;
Dimensions 23 cm.
490 1# - SERIES STATEMENT
Series statement Hello reader! Science. Level 1
520 ## - SUMMARY, ETC.
Summary, etc Describes everything in nature that nurtures a flower and helps it grow.
521 ## - TARGET AUDIENCE NOTE
Target audience note
526 ## - STUDY PROGRAM INFORMATION NOTE
Reading level 120
562 ## - COPY AND VERSION IDENTIFICATION NOTE
Number of copies 1
650 #0 - SUBJECT ADDED ENTRY--TOPICAL TERM
Topical term or geographic name as entry element Daffodils
Form subdivision Juvenile literature.
9 (RLIN) 26541
650 #0 - SUBJECT ADDED ENTRY--TOPICAL TERM
Topical term or geographic name as entry element Garden ecology
Form subdivision Juvenile literature.
9 (RLIN) 26542
830 #0 - SERIES ADDED ENTRY--UNIFORM TITLE
Uniform title Hello science reader!
Number of part/section of a work Level 1.
9 (RLIN) 26543
906 ## - LOCAL DATA ELEMENT F, LDF (RLIN)
a 7
b cbc
c copycat
d 3
e ncip
f 20
g y-gencatlg
942 ## - ADDED ENTRY ELEMENTS (KOHA)
Source of classification or shelving scheme Library of Congress Classification
Koha item type
Holdings
Withdrawn status Lost status Source of classification or shelving scheme Damaged status Home library Current library Shelving location Date acquired Total Checkouts Full call number Barcode Date last seen Copy number Price effective from Koha item type
    Library of Congress Classification   Luxembourg Library Luxembourg Library Scholastic Reading Center Section 10/08/2013   SB 413.D12 .C68 2003 LEX2773 04/18/2017 1 10/08/2013 Books

Bright yellow flower /

APA

Corwin J. H., . (2003). Bright yellow flower. New York: Scholastic.

Chicago

Corwin Judith Hoffman, . 2003. Bright yellow flower. New York: Scholastic.

Harvard

Corwin J. H., . (2003). Bright yellow flower. New York: Scholastic.

MLA

Corwin Judith Hoffman, . Bright yellow flower. New York: Scholastic. 2003.

  • Place hold
  • Print
  • Cite
  • Add to your cart (remove)
  • Save record
    BIBTEX Dublin Core MARCXML MARC (non-Unicode/MARC-8) MARC (Unicode/UTF-8) MARC (Unicode/UTF-8, Standard) MODS (XML) RIS
  • More searches
    Search for this title in:
    Other Libraries (WorldCat) Other Databases (Google Scholar) Online Stores (Bookfinder.com) Open Library (openlibrary.org)

Exporting to Dublin Core...

SOUTHVILLE LIBRARY

Southville International School and Colleges Library

1281 Tropical Ave. Cor. Luxembourg St., BF Homes International, Las Pinas City

Tel. No. 8256374 / 252358 Loc. 117/146

Powered by Koha